| 000 | 00615nam a2200241 a 4500 | ||
|---|---|---|---|
| 001 | nice12345678 | ||
| 003 | IN_TiNIC | ||
| 005 | 20260116011510.0 | ||
| 008 | 050524s0000 dela grp 000 0 urd | ||
| 020 |
_a _c3 |
||
| 082 | 0 | 0 |
_a297.33 _bNIZ |
| 100 | _aNizami, Shabbir Hasan Chisht | ||
| 245 | _aJinnat Ke Pur Asraar Halaat | ||
| 260 |
_aDelhi _bAastana Book Depot _c0000 |
||
| 300 | _a224p | ||
| 500 | _aincludes index and biblioraphy | ||
| 505 | 2 | _ascn book club study project.3 | |
| 650 | _aOccultism | ||
| 700 | 1 | _aNizami, Shabbir Hasan Chisht | |
| 902 | _bSRS | ||
| 942 | _cBK | ||
| 999 |
_c2064 _d2064 |
||